Numerical techniques for microwave and millimeter wave passive structures (Record no. 569565)

000 -LEADER
fixed length control field 00613nam a22001817a 4500
003 - CONTROL NUMBER IDENTIFIER
control field CEME
005 - DATE AND TIME OF LATEST TRANSACTION
control field 20210628202358.0
008 - FIXED-LENGTH DATA ELEMENTS--GENERAL INFORMATION
fixed length control field 210120b xxu||||| |||| 00| 0 eng d
020 ## - INTERNATIONAL STANDARD BOOK NUMBER
International Standard Book Number 0-471-62563-9
040 ## - CATALOGING SOURCE
Transcribing agency ceme
082 ## - DEWEY DECIMAL CLASSIFICATION NUMBER
Classification number 621.3813 TAT-P
100 ## - MAIN ENTRY--PERSONAL NAME
Personal name Itoh , Tatsuo
9 (RLIN) 59637
245 ## - TITLE STATEMENT
Title Numerical techniques for microwave and millimeter wave passive structures
260 ## - PUBLICATION, DISTRIBUTION, ETC.
Place of publication, distribution, etc. NEW YORK
Name of publisher, distributor, etc. JOHN WILEY
Date of publication, distribution, etc. 1989
300 ## - PHYSICAL DESCRIPTION
Extent XII,710P
650 ## - SUBJECT ADDED ENTRY--TOPICAL TERM
Topical term or geographic name entry element MICROWAVE DEVICES -DESIGN AND CONSTRUCTION- DATA PROCESSING, NUMERICAL CALCULATIONS.MICROWAVE AND MILLIMETER WAVE PASSIVE STRUCTURES
9 (RLIN) 59638
942 ## - ADDED ENTRY ELEMENTS (KOHA)
Koha item type Book
Source of classification or shelving scheme
Holdings
Withdrawn status Lost status Damaged status Not for loan Permanent Location Current Location Shelving location Date acquired Total Checkouts Full call number Barcode Date last seen Price effective from Koha item type
        College of Electrical & Mechanical Engineering (CEME) College of Electrical & Mechanical Engineering (CEME) General Stacks 07/18/2017   621.3813 TAT-P CEME-41095 06/28/2021 06/28/2021 Book
        College of Electrical & Mechanical Engineering (CEME) College of Electrical & Mechanical Engineering (CEME) General Stacks 07/19/2017   621.3813 TAT-P CEME-41207 06/28/2021 06/28/2021 Book
© 2023 Central Library, National University of Sciences and Technology. All Rights Reserved.